000 00810nam a2200217Ia 4500
001 9826
003 GE_BSU
008 181216s||||||||xx |||||||||||||| ||und||
040 _cGE_BSU
080 _a821.353.1(092 იაშვილი,პ)+821.353.1.09
100 _aნიკოლეიშვილი,ავთანდილ
245 _aპაოლო იაშვილის ცხოვრება და შემოქმედება
245 _cრედ: მერკვილაძე,გიორგი
260 _aქუთაისი
260 _bსაწუთრო
260 _c1995
300 _a304გვ.18სმ
541 _h8ლ
653 _aპაოლო იაშვილის ცხოვრება და შემოქმედება
942 _cBK
999 _c43105
_d43105